000 01622nam a2200409 c 4500
003 BLK
005 20241023110504.0
008 180411b bul|||||r ||||||| ||bul||
010 _aKNG00189897000
040 _aBLK
041 _aBUL
_cBUL
080 _aФренска литература
_b821.133.1
_x-312.6
_z821.133.1-312.6
080 _aКиноактьори
_b791.44.071.2
_x(44)(092)(093.3)
_z791.44.071.2(44)(092)(093.3)
080 _aБиографии
_b929
_x(44)
_z929(44)
100 1 _aВадим, Роже
_eпърви автор
_9342407
700 1 _aГанов, Александър
_eпрев. от фр.
_9246186
700 1 _aБардо, Бриджит
_e*
_9374945
700 1 _aДеньов, Катрин
_e*
_960064
700 1 _aФонда, Джейн
_e*
_9134612
139 _aВадим, Роже
_bВ 13
245 1 0 _aЖивот сред звезди
_bСпомени
_cРоже Вадим; прев. от фр. Александър Ганов; * Бриджит Бардо; * Катрин Деньов; * Джейн Фонда.
257 _aFRA
260 София
_bБибл. 48
_c1991
300 _a256 с.
_c20 см
380 _aX
490 1 _aБиблиотека 48
_vКн. 4
650 4 _aКиноартисти, френски
_9245286
650 4 _aКино, френско
_9283567
653 _aкино
653 _aкиноартисти
852 _aЦб 166595
856 4 _qpdf
_u
856 4 _qpdf
_u
942 _cKNG
_n0
_06
944 _aCR
_c19.08.2016
_k30531
_lЦветелина Шанова
944 _aED
_c19.08.2016
_kТеодора_Стоянова
999 _c181005
_d181005